000 00666nam a2200205 a 4500
001 BRL_1223
005 20190320211106.0
008 021213s1970----mx-aoe####---#000-0#spa-#
041 _aspa
044 _amx
050 4 _aF12O3.5
_b.G35 1970
245 1 0 _aGaleria de Historia
_bLa Lucha del Pueblo Mexicano por su Libertad
260 _aMéxico
_b[Comite Organizador de los Juegos de la xix 0limpiada]
_c1970
300 _a46 p.
_bil. (algunas a color)
_c22 cm.
500 _aAu1425
610 2 4 _aGaleria de Historia ´La Lucha del Pueblo Mexicano por su Libertad´
_926166
651 4 _aMéxico
_vExposiciones
_xHistoria
_926167
902 _aGRL
942 _2lcc
_cB
999 _c10035
_d10035